Worm (Parahumans) Characters - Statistics

General Stats
  • This quiz has been taken 4 times
  • The average score is 112 of 139
Answer Stats
# Description Character % Correct
83 Leader of the Boston-based Ambassadors, can solve complex problems Accord
100%
62 Member of the Triumvirate, can fly and is nigh invincible Alexandria (Rebecca Costa-Brown)
100%
7 Leader of the Brockton Bay Protectorate, carries a halberd Armsmaster (Colin Wallis)
100%
9 Member of the Brockton Bay Protectorate, controls kinetic energy Assault (Ethan)
100%
32 Member of the ABB, creates bombs Bakuda
100%
10 Member of the Brockton Bay Protectorate, can charge up various abilities Battery
100%
120 An Endbringer capable of commanding fire and lightning Behemoth
100%
88 A Boston-based biotinker who has an unfortunate run-in with #100 Blasto (Rey Andino)
100%
100 Member of the Slaugherhouse Nine, a young girl that performs surgical procedures Bonesaw (Riley Davis)
100%
28 Member of New Wave, creates weapons out of light Brandish (Carol Dallon)
100%
86 Leader of the Teeth, has many voices in their head Butcher
100%
84 Member of the Ambassadors, can create various local effects, dresses in yellow Citrine
100%
13 Member of the Brockton Bay Wards, time powers Clockblocker (Dennis)
100%
132 A young girl with precognitive powers Dinah Alcott
100%
136 The mysterious figure in command of the Cauldron Doctor Mother
100%
65 Canadian hero with incredible tinker powers, including large mechanical suits Dragon
100%
63 Member of the Triumvirate, can have any 3 powers at a time Eidolon
100%
21 Director of the PRT in Brockton Bay Emily Piggot
100%
27 Member of New Wave, launches explosive orbs Flashbang (Mark Dallon)
100%
38 Member of Empire 88, can transform into a lethal mist Fog (Geoff Schmidt)
100%
134 PRT's head of Image Glenn Chambers
100%
29 Member of New Wave, flight, strength and psychological aura Glory Girl (Victoria Dallon)
100%
75 Member of the Chicago Wards, can create large limbs out of various materials Golem (Theo Anders)
100%
109 Past member of the Slaugherhouse Nine, creates time-loop bubbles Gray Boy
100%
43 Mercenary under #42, can release various chemicals from his body Gregor the Snail
100%
3 Member of the Undersiders, has shadow powers Grue (Brian Laborn)
100%
4 Member of the Undersiders, mutates dogs temporarily Hellhound (Rachel Lindt)
100%
6 Member of the Undersiders, can become imperceptible Imp (Aisha Laborn)
100%
99 Leader of the Slaughterhouse Nine, can extend weapons such as knives Jack Slash (Jacob Black)
100%
34 Leader of Empire 88, can summon metal objects Kaiser (Max Anders)
100%
123 An Endbringer capable of commanding time and space Khonsu
100%
19 Member of the Brockton Bay Wards, has hoverboard and fires lasers Kid Win (Chris)
100%
48 Part of Villain duo along with #47, can create any complex machine, once Leet
100%
64 Member of the Triumvirate, can fly and shoot strong lasers that can go around corners Legend (Keith)
100%
121 An Endbringer capable of commanding water Leviathan
100%
31 Leader of The ABB, grows stronger the longer he keeps his powers on Lung (Kenta)
100%
104 Member of the Slaugherhouse Nine, has a ceramic segmented body Mannequin (Alan Gramme)
100%
8 Member of the Brockton Bay Protectorate, firearm powers Miss Militia (Hannah)
100%
82 Former Ward with a campy appearance and personality Mouse Protector
100%
68 Leader of the Chicago Protectorate, has access to pocket dimensions Myrddin
100%
119 A villain that creates many independent creatures loyal to him Nilbog (Jamie Rinke)
100%
53 Member of the Travellers, not having a good time Noelle Meinhardt
100%
138 A member of the Cauldron, an intelligent mathematician Number Man (Kurt Wynn)
100%
33 Member of the ABB, can teleport, leaving behind copies Oni Lee
100%
30 Member of New Wave, healing powers Panacea (Amy Dallon)
100%
61 Neutral Brockton Bay Parahuman, can control light materials such as felt Parian (Sabah)
100%
37 Member of Empire 88, flies and radiates light Purity (Kayden Anders)
100%
5 Member of the Undersiders, controls others' nervous systems Regent (Alec Vasil)
100%
126 The golden man, the first and most powerful hero Scion
100%
16 Member of the Brockton Bay Wards, can shift into a shadow state Shadow Stalker (Sophia Hess)
100%
44 Mercenary under #42, has luck powers Shamrock
100%
103 Member of the Slaugherhouse Nine, emits extremely high-frequency sounds Shatterbird
100%
122 An Endbringer capable of commanding the mind Simurgh
100%
57 Leader of the Merchants, creates forcefields Skidmark (Adam Mustain)
100%
1 Main Character, controls bugs Skitter (Taylor Hebert)
100%
2 Member of the Undersiders, has power to infer information Tattletale (Lisa Wilbourn)
100%
96 A Birdcage inmate, can give people lesser powers in return for servitude Teacher (Benjamin Terrell)
100%
101 Member of the Slaugherhouse Nine, a tall, invincible naked woman The Siberian
100%
47 Part of Villain duo along with #48, can be skilled at anything Über
100%
15 Member of the Brockton Bay Wards, warps space Vista (Missy Biron)
100%
135 A renowned researcher into parahumans William Manton
100%
14 Member of the Brockton Bay Wards, has a very resilient body Aegis (Carlos)
75%
124 Endbringers capable of commanding powers Bohu & Tohu
75%
108 Past member of the Slaugherhouse Nine, creates parasites Breed
75%
105 Member of the Slaugherhouse Nine, has fire powers Burnscar (Mimi)
75%
91 A great singer who has powers of suggestion Canary (Paige Mcabee)
75%
106 Prospective member of the Slaugherhouse Nine, daughter of #90 Cherish (Cherie Vasil)
75%
118 Past member of the Slaugherhouse Nine, a clown with great speed and strength Chuckles
75%
49 An independent Brockton Bay Villain with many minor powers Circus
75%
41 Independent Villain in Brockton Bay who has time-related powers Coil (Thomas Calvert)
75%
137 A member of the Cauldron, can go on the 'Path to Victory' Contessa (Fortuna)
75%
102 Member of the Slaugherhouse Nine, a monstrous creature that spits acid Crawler (Ned)
75%
112 Past member of the Slaugherhouse Nine, gets power by consuming blood Crimson
75%
128 The Father of #1 Danny Hebert
75%
11 Member of the Brockton Bay Protectorate, can empower various items Dauntless (Shawn)
75%
139 A member of the Cauldron, creates portals Doormaker
75%
133 A renowned therapist within the PRT Dr. Jessica Yamada
75%
127 #126's counterpart Eden
75%
130 The former friend, now bully of #1 Emma Barnes
75%
42 Mercenary leader, can destroy non-organic materials Faultline
75%
36 Members of Empire 88, twin sisters, great strength and size Fenja & Menja
75%
95 A Birdcage inmate, can summon "ghosts" of dead heroes, along with their powers Glaistig Uaine
75%
113 Past member of the Slaugherhouse Nine, nullifies nearby powers Hatchet Face
75%
90 Montreal-based supervillain with mind control powers Heartbreaker (Nikos Vasil)
75%
67 A very strong Protectorate member, a tinker killed by #101 before the start of the story Hero
75%
35 Member of Empire 88, can transform into a metallic beast Hookwolf (Brad Meadows)
75%
22 Later Director of the PRT in Brockton Bay James Tagg
75%
107 Founder of the Slaughterhouse Nine King
75%
40 Member of Empire 88, manipulates kinetic energy Krieg (James Fliescher)
75%
25 Member of New Wave, flight and light blasts Laserdream (Crystal Pelham)
75%
131 Other bully of #1 Madison Clements
75%
24 Member of New Wave, manipulates electromagnetism Manpower (Neil Pelham)
75%
94 A Birdcage inmate, has bone powers Marquis
75%
66 Toronoto-based hero that can create forcefields that cut through anything Narwhal
75%
116 Past member of the Slaugherhouse Nine, appears as a non-threat to anyone Nice Guy
75%
39 Member of Empire 88, transforms into monstrous form while unseen Night (Dorothy Schmidt)
75%
54 Member of the Travellers, very handsome Oliver
75%
56 Former member of the Travellers, can revert states of things back a few seconds Perdition (Cody)
75%
93 A New Delhi-based villain that works with portals Phir Sē
75%
71 Member of the New York Protectorate, can split herself into copies Prism (Sam)
75%
69 Member of the Chicago Protectorate, carries a large lantern Revel
75%
70 Member of the Los Angeles Protectorate, can throw ice crystals Rime
75%
89 The unpowered leader of a group whose sole purpose is to kill #65 Saint (Geoffrey Pellick)
75%
81 Member of the San Diego Wards, can transfer afflictions between himself and others Scapegoat
75%
59 Member of the Merchants, can shoot spheres of destructive energy Scrub
75%
125 An S-Class threat of unknown nature, seemingly dormant Sleeper
75%
51 Member of the Travellers, can create a miniature star Sundancer (Mars Newland)
75%
92 A Russian girl made up of many tendrils Sveta
75%
74 Member of the Chicago Wards, wears a powered suit with piledrivers Tecton
75%
60 Member of the Merchants, wears a steam-powered suit Trainwreck
75%
50 Leader of the Travellers, can switch the location of two similar objects Trickster (Francis Krouse)
75%
12 Member of the Brockton Bay Protectorate, sound manipulation powers Triumph (Rory Christner)
75%
117 Past member of the Slaugherhouse Nine, creates a draining/dampening effect Winter
75%
129 The Mother of #1 Annette Hebert
50%
52 Member of the Travellers, can send anything he touches flying Ballistic (Luke Brito)
50%
17 Member of the Brockton Bay Wards, has telekinesis and biokinesis Browbeat
50%
20 New member of the Brockton Bay Wards, speedster with armored suit Chariot (Trevor Medina)
50%
72 Leader of the Philadelphia Protectorate, wields a massive cannonblade Chevalier
50%
76 Member of the Chicago Wards, can shape metals Cuff
50%
78 Member of the New York Wards, can imbue objects with powerful abilities Flechette (Lily)
50%
18 Member of the Brockton Bay Wards, fires emotional blasts Gallant (Dean Stansfield)
50%
55 Member of the Travellers, controls a vessel when asleep Genesis (Jess)
50%
79 Member of the New York Wards, has a lance that can have various effects Jouster
50%
97 A Birdcage inmate, creates mixtures that give anyone monstrous features Lab Rat
50%
23 Leader of New Wave, flight and light blasts Lady Photon (Sarah Pelham)
50%
45 Mercenary under #42, a lizard with hallucinogenic bodily fluids Newter
50%
111 Past member of the Slaugherhouse Nine, generates poison gas Nyx
50%
110 Past member of the Slaugherhouse Nine, manipulates sounds Screamer
50%
26 Member of New Wave, flight and light blasts/force-fields Shielder (Eric Pelham)
50%
46 Mercenary under #42, can spew flammable liquid Spitfire
50%
58 Member of the Merchants, creates ramshackle vehicles Squealer
50%
98 A Birdcage inmate, a tinker that can build anything, but always with a countdown timer String Theory
50%
85 Member of the Fallen, can command anyone he looks in the eyes Valefor
50%
80 Member of the Boston Wards, has a metallic body Weld
50%
114 Past member of the Slaugherhouse Nine, shoots dangerous blasts of warped space Damsel of Distress (Ashley Stillons)
25%
73 Member of the Houston Protectorate, creates bubbles of sped-up time Dispatch
25%
87 Member of the Teeth, gets her chili destroyed Hemorrhagia
25%
115 Past member of the Slaugherhouse Nine, secretes a harmful invisible gas Miasma
25%
77 Member of the Chicago Wards, turns into a sentient whirlwind Wanton
25%
No matching quizzes found
Score Distribution
Percent of People with Each Score
Percentile by Number Answered
Your Score History
You have not taken this quiz